000 00745 a2200205 4500
001 27175
005 20260407155548.0
008 260407a1974 arg spa d
003 AR-UNSa-BCEJYS
040 _aAR-UNSa-BCEJYS
_bspa
_cAR-UNSa-BCEJYS
080 _a347.736
_xQuiebra. Insolvencia. Suspensión de pagos. Bancarrota, procedimientos. Derecho Concursal
245 1 0 _aLos privilegios en la ley de concursos y en el código civil
264 1 _aBuenos Aires :
_bVíctor P. de Zavalía
_c1974
300 _a195 p.
_c23 cm.
505 _aParte I: Principios generales - Parte II: Ley de concursos Nº 19.551
942 _cBK
590 _aniveau_biblio:m niveau_hierar:0
100 1 _aAllende, Guillermo
700 1 _aMariani de Vidal, Marina
999 _c1554
_d1554